000 00429nam a22001697a 4500
999 _c3648
_d3647
005 20210927160258.0
008 160623b xxu||||| |||| 00| 0 eng d
020 _a978-81-7733-501-9
041 _aeng
082 _b9087
_a346.04
100 _aAhuja, Dr Girish and Gupta Dr. Ravi
_92542
245 _aDirect Taxes Law and Practics tax planning
260 _bBhort
300 _a1520
650 _aManagement
_9241
942 _cBK